000 00318 a2200145 4500
001 153238
040 _cEscola São Tomás de Aquino
100 _aMACEDO, Joaquim Manuel
240 1 0 _aA moreninha
_lpor
245 1 0 _aA moreninha
300 _a95
362 0 _a2001
697 _aLITERATURA BRASILEIRA
942 _cBK
999 _c153238
_d153238